000 00281nam a22001337a 4500
008 171031b xxu||||| |||| 00| 0 eng d
020 _a639785300717
041 _aeng
080 _a33
100 _a58
101 _aBUS
245 _aTHE EPROCESS EDGE
_cKEEN,P
942 _2udc
_cBK
999 _c36678
_d36678